| 000 | 00928cam a2200265Ii 4500 | ||
|---|---|---|---|
| 008 | |||
| 020 | _a9780081011102 (pbk.) | ||
| 049 | _aMAIN | ||
| 090 |
_aZ678 _bMCK |
||
| 100 | 1 | _aMckeown, Anthony. | |
| 245 | 1 | 0 |
_aOvercoming information poverty : _binvestigating the role of public libraries in the twenty-first century / _cAnthony McKeown. |
| 260 |
_aAmsterdam :Elsevier(Chandos), _c2016. |
||
| 300 |
_axviii, 249 p. : _bill.(some col.) ; _c23 cm. |
||
| 490 | 1 | _aChandos information professional series. | |
| 500 | _aIncludes index. | ||
| 504 | _aIncludes bibliographical references. | ||
| 650 | 0 |
_aPublic libraries _xAdministration. |
|
| 650 | 0 |
_aPublic libraries _xAims and objectives. |
|
| 710 | 2 | _aOhio Library and Information Network. | |
| 907 |
_a.b10389362 _b20-02-18 _c20-02-18 |
||
| 003 | |||
| 005 | 20230123141105.0 | ||
| 040 | _cNUST | ||
| 942 |
_cBOOKS _kZ678 _mMCK |
||
| 999 |
_c167483 _d167483 |
||